Phương ngôn tục ngữ ca dao Ninh Bình
Giới thiệu các câu phương ngôn, thành ngữ, tục ngữ, ca dao của Ninh Bình
Guardat en:
| Autor principal: | |
|---|---|
| Format: | Llibre |
| Idioma: | Undetermined |
| Publicat: |
Hà Nội
Khoa học - Xã hội
2015
|
| Matèries: | |
| Etiquetes: |
Afegir etiqueta
Sense etiquetes, Sigues el primer a etiquetar aquest registre!
|
| Thư viện lưu trữ: | Trung tâm Học liệu Trường Đại học Cần Thơ |
|---|
| LEADER | 00747nam a2200205Ia 4500 | ||
|---|---|---|---|
| 001 | CTU_209746 | ||
| 008 | 210402s9999 xx 000 0 und d | ||
| 082 | |a 495.9227 | ||
| 082 | |b Gi100 | ||
| 100 | |a Đỗ, Danh Gia | ||
| 245 | 0 | |a Phương ngôn tục ngữ ca dao Ninh Bình | |
| 245 | 0 | |c Đỗ Danh Gia, Nguyễn Văn Trò | |
| 260 | |a Hà Nội | ||
| 260 | |b Khoa học - Xã hội | ||
| 260 | |c 2015 | ||
| 520 | |a Giới thiệu các câu phương ngôn, thành ngữ, tục ngữ, ca dao của Ninh Bình | ||
| 650 | |a Tiếng Việt,Vietnamese language | ||
| 650 | |x Phương ngữ,Dialects | ||
| 904 | |i Trương Thủy Ly,Hải | ||
| 980 | |a Trung tâm Học liệu Trường Đại học Cần Thơ | ||